Algebraic potential theory
Αποθηκεύτηκε σε:
| Κύριοι συγγραφείς: | , |
|---|---|
| Μορφή: | Βιβλίο |
| Γλώσσα: | English |
| Δημοσίευση: |
Providence, R.I. :
American Mathematical Society,
1980.
|
| Σειρά: | Memoirs of the American Mathematical Society ;
226 |
| Θέματα: | |
| Ετικέτες: |
Προσθήκη ετικέτας
Δεν υπάρχουν, Καταχωρήστε ετικέτα πρώτοι!
|
MARC
| LEADER | 00000cam a2200000 i 4500 | ||
|---|---|---|---|
| 001 | 1/48953 | ||
| 008 | 941103s1980 riu ||| | eng|| | ||
| 020 | |a 0821822268 | ||
| 035 | |l 10043480 | ||
| 040 | |a GR-MyUA |b gre |e AACR2 | ||
| 041 | 0 | |a eng | |
| 082 | 0 | |a 515.73 | |
| 100 | 1 | |a Arsove, Maynard |d 1922- | |
| 245 | 1 | 0 | |a Algebraic potential theory / |c Maynard Arsove and Heinz Leutwiler. |
| 260 | |a Providence, R.I. : |b American Mathematical Society, |c 1980. | ||
| 300 | |a v, 130 σ. ; |c 26 εκ. | ||
| 490 | 1 | |a (Memoirs of the American Mathematical Society |v ; 226) | |
| 504 | |a Βιβλιογραφία: σ. 128-130. | ||
| 650 | 0 | 0 | |a Riesz spaces. |
| 650 | 0 | 0 | |a Potential theory (Mathematics) |
| 700 | 1 | |a Leutwiler, Heinz |d 1939- |e aut | |
| 830 | 0 | |a Memoirs of the American Mathematical Society ; |v 226 | |
| 852 | |a INST |b SAMOS |e 19941103 |h 515.73 ARS |p 005300007685 |q 005300007685 |t BK |y 0 | ||
| 909 | |a Σ |b 033384 | ||